000 00761nam a2200241 i 4500
001 129219
003 ES-MaACL
005 20230906193447.0
007 t|
008 070608s1972 ag ||||1| spa d
080 _a801(04)
245 0 0 _aTeoria del lenguaje y lingüística general /
_cE. Cassirer, A. Sechehaye [et al.].
250 _a[3ª ed.].
260 _aBuenos Aires :
_bPaidos,
_c[1972]
300 _a142 p. ;
_c23 cm.
490 1 _aBiblioteca de Lingüística y Semiología ;
_v2
650 4 _aLenguaje-
_xFilosofía.
_914344
650 4 _aLingüística.
_914463
700 1 _aCassirer, Ernst.
_936365
830 0 _aBiblioteca de Lingüística y Semiología ;
_v2
_9219329
852 _aES-MaACL
_jE-8862
_bR.93273
999 _c129219
_d129219